000 00480nam a2200181Ia 4500
001 19620
003 GE_BSU
008 181216s||||||||xx |||||||||||||| ||und||
040 _cGE_BSU
245 _aГеоморфология. №4. 2016.
245 _cГл.ред.Чичагов В.П.
260 _aМосква
260 _c2016
300 _a103 стр. 24см.
653 _aГеоморфология. №4. 2016.
653 _aპერიოდიკა
942 _cCR
999 _c52596
_d52596